Normal view
MARC view
Entry Personal Name
001 - CONTROL NUMBER
- control field: 65029
003 - CONTROL NUMBER IDENTIFIER
- control field: OSt
005 - DATE AND TIME OF LATEST TRANSACTION
- control field: 20160722161633.0
008 - FIXED-LENGTH DATA ELEMENTS
- fixed length control field: 160722|| aca||aabn | a|a d
040 ## - CATALOGING SOURCE
- Original cataloging agency: OSt
- Transcribing agency: OSt
100 ## - HEADING--PERSONAL NAME
- Personal name: इंद्रावती
670 ## - SOURCE DATA FOUND
- Source citation: Work cat.: (OSt): इंद्रावती, सृष्टि पृथ्वी और मनुष्य , 1998









